00361 2200157 4500001002100000005001500021035002000036245004100056100001700097300001200114260003100126082000800157084001400165990001200179990001200191INLIS00000000000204820250527092018 a0010-05250003401 aDiburu Bayang-Bayang /cMelinda Metz0 aMelinda Metz a200 hlm aJakarta :bGramedia,c2002 a813 a813 MEL d a0712493 a0712494